000 00411nam a2200169Ia 4500
008 230524s9999 xx 000 0 und d
020 _a9788120350021
082 _a5.74
_bGUP
100 _aG.K.Gupta
245 0 _aIntroduction to Data Mining with Case Studies
250 _a3
260 _aDelhi
_bPHI
_c2016
300 _a"XII,514p;"
500 _aQuantity Number: 20
650 _aComp.Sc
942 _cBK
999 _c59113
_d59113